000 00758nam a22002177a 4500
003 0
005 20240215090901.0
008 240215b xxu||||| |||| 00| 0 eng d
020 _a978-1-292-43036-2
050 _aHD 62.4
_b.D47 2023
100 _aDeresky, Helen
245 _aInternational management : managing across borders and cultures
_cHelen Deresky
250 _aGlobal edition
260 _aHarlow, England
_bPearson
_cc2023.
300 _a407 pages :
_billustrations ;
_c28 cm.
504 _aIncludes bibliographical references, index, and glossary.
650 _aInternational business enterprises--management.
650 _aInternational business enterprises--management cases.
650 _aIndustrial management.
942 _2lcc
_cBK
999 _c365928
_d365928